Central Library OPAC University of Rajshahi

Where no fear was : (Record no. 29983)

MARC details
000 -LEADER
fixed length control field 00664cam a22002292 4500
001 - CONTROL NUMBER
control field 29983
003 - CONTROL NUMBER IDENTIFIER
rucl marc code BD-RjUL
005 - DATE AND TIME OF LATEST TRANSACTION
control field 20211209051507.0
008 - FIXED-LENGTH DATA ELEMENTS--GENERAL INFORMATION
fixed length control field 140408s1914 enk 000 0 eng d
035 ## - SYSTEM CONTROL NUMBER
System control number (BD-RjUL)30068
040 ## - CATALOGING SOURCE
Original cataloging agency DLC
Transcribing agency DLC
Modifying agency DLC
-- BD-RjUL
Language of cataloging eng
041 ## - LANGUAGE CODE
Language code of text/sound track or separate title eng
082 ## - DEWEY DECIMAL CLASSIFICATION NUMBER
Classification number 220.6
Author mark and year BEW 1914
100 1# - MAIN ENTRY--PERSONAL NAME
Personal name Benson, Arthur Christopher,
Dates associated with a name 1862-1925.
9 (RLIN) 55717
245 10 - TITLE STATEMENT
Title Where no fear was :
Remainder of title a book about fear /
Statement of responsibility, etc. by Arthur Christopher Benson.
260 ## - PUBLICATION, DISTRIBUTION, ETC. (IMPRINT)
Place of publication, distribution, etc. London :
Name of publisher, distributor, etc. Smith, Elder & co.,
Date of publication, distribution, etc. 1914.
300 ## - PHYSICAL DESCRIPTION
Pagination v, [1], 239, [1] p. ;
Size 21 cm.
650 #0 - SUBJECT ADDED ENTRY--TOPICAL TERM
Topical term or geographic name as entry element Fear.
9 (RLIN) 91227
942 ## - ADDED ENTRY ELEMENTS (KOHA)
Source of classification or shelving scheme Dewey Decimal Classification
Koha item type Books
Holdings
Lost status Source of classification or shelving scheme Damaged status Not for loan Collection code Permanent Location Current Location Shelving location Date acquired Source of acquisition Total Checkouts Full call number Date last seen Copy number Koha item type
  Dewey Decimal Classification   Added to bundle Non-fiction Central Library, University of Rajshahi Central Library, University of Rajshahi Reading Room 20/02/1957 Puthia Rayestate Gift   220.6 BEW 1914 08/04/2014 C-1 Books